000 00790cab a2200229 4500
001 WB3116-127
008 090401t1995 xxu||||| |||| 00| 0 eng d
035 _a(Sirsi) u11344
041 _aeng
245 _aFuture of county farms
260 _c1995
350 _a0
490 _aRICS Press Release
_v(PR44/95COMM) 21 April 1995 (3)
520 _aThe future of county farm smallholdings depends crucially on private landowners` attitudes to new farm business tenancy legislation according to a report by the RICS "County farms : past, present and future". (£15)
650 _aAGRICULTURAL TENANCIES ACT 1995
650 _aCOUNTY FARMS
650 _aFARM BUSINESS TENANCIES
650 _aUNIVERSITY OF PLYMOUTH
690 _aRURAL PRACTICE
942 _n0
948 _c04/03/1997
999 _c7222
_d7222